00862nam a2200253 i 4500001000300000003000900003005001700012008003900029015001700068040003500085080001500120100004600135245008300181260005600264300003300320380001700353504002800370655001300398650001800411650002000429650002000449710004200469856009700511bgKOSZ 00520221128095433.0070620s1969 pl a g 000 0 pol aPB 1969/6481 aWA NcKOSZ 005/RWdKOSZ 005/RW a378:001.811 aŚwięcicki, Maciejd(1913-1971)eAutor10aJak studiować? :bjak pisać pracę magisterską /cMaciej Święcicki. aWarszawa :bPaństwowe Wydawnictwo Naukowe,c1969. a214, [2] s. :bil. ;c18 cm. aKsiążki. aBibliogr. s. 211-[212]. 4aPoradnik 4aUczenie się 4aPraca dyplomowa 4aPraca umysłowa2 aPaństwowe Wydawnictwo Naukowe4pbl. uhttp://koha.tu.koszalin.pl/cgi-bin/koha/opac-detail.pl?biblionumber=8338yKatalog online BPK